Score 0/26 Timer 07:00
0 Plays Today
Hint Answer % Correct
2004/05Chelsea
98%
2005/06Chelsea
98%
2009/10Chelsea
98%
2014/15Chelsea
98%
2016/17Chelsea
98%
1996/97Liverpool
97%
2002/03Arsenal
97%
2007/08Arsenal
97%
2008/09Liverpool
97%
2013/14Liverpool
97%
2015/16Leicester
92.9%
2011/12Man City
88.9%
2017/18Man City
88.9%
Hint Answer % Correct
1994/95Blackburn
86.9%
1995/96Newcastle
82.8%
2001/02Newcastle
82.8%
1993/94 Man United
81.8%
1997/98Man United
81.8%
2000/01Man United
81.8%
2003/04Man United
81.8%
2006/07Man United
81.8%
2010/11Man United
81.8%
2012/13Man United
81.8%
1999/00Leeds
79.8%
1998/99Aston Villa
58.6%
1992/93Norwich
50.5%
Remove Ads.
Support Sporcle.
Get the best of Sporcle when you Go Orange. This ad-free experience offers more features, more stats, and more fun while also helping to support Sporcle. Thank you for becoming a member.

You're not logged in!

Compare scores with friends on all Sporcle quizzes.
OR
Log In

Show Comments

Extras

Top Quizzes Today


Score Distribution

Your Account Isn't Verified!

In order to create a playlist on Sporcle, you need to verify the email address you used during registration. Go to your Sporcle Settings to finish the process.

Report this User

Report this user for behavior that violates our Community Guidelines.

Details: